000 00989pam a2200265 a 4500
001 3486689
005 20130327135227.0
008 940428s1995 njuaf b 001 0 eng
010 _a 94017476
020 _a0130430013
020 _a9780130430014
082 0 0 _a687.0688
_222
_bMUE
100 1 _aMueller, Carol Stewart.
_932993
245 1 0 _aMarketing Today's Fashion /
_cCarol Stewart Mueller, Eleanor Lewit Smiley.
250 _a3rd ed.
260 _aEnglewood Cliffs, N.J. :
_bPrentice Hall Education, Career & Technology,
_cc1995.
300 _axiv, 402 p., [8] p. of plates :
_bill. (some col.) ;
_c25 cm.
500 _aRev. ed. of: Marketing today's fashion / Helena de Paola. 2nd ed. 1986.
504 _aIncludes bibliographical references (p. 388-389) and index.
650 0 _aFashion merchandising.
_932994
653 _bBus
_cMarch2013
700 1 _aSmiley, Eleanor Lewit.
_932995
700 1 _aDePaola, Helena.
_tMarketing today's fashion.
_932996
942 _2ddc
_cBB
999 _c17407
_d17379